The perfect store : inside eBay (Record no. 63379)

MARC details
000 -LEADER
fixed length control field 00607nam a2200229Ia 4500
008 - FIXED-LENGTH DATA ELEMENTS--GENERAL INFORMATION
fixed length control field 191130s2002##################000#0#eng##
020 ## - INTERNATIONAL STANDARD BOOK NUMBER
ISBN 9780316164931
082 ## - DEWEY DECIMAL CLASSIFICATION NUMBER
Classification number 381.1702854678 COH
100 ## - MAIN ENTRY--AUTHOR NAME
Personal name Cohen, Adam
245 ## - TITLE STATEMENT
Title The perfect store : inside eBay
Statement of responsibility, etc Adam Cohen
250 ## - EDITION STATEMENT
Edition statement 1st ed
260 ## - PUBLICATION, DISTRIBUTION, ETC. (IMPRINT)
Place of publication Boston
Name of publisher Little, Brown and Co
Year of publication c2002
300 ## - PHYSICAL DESCRIPTION
Number of Pages 332 p. ; 24 cm
500 ## - GENERAL NOTE
General note Includes index
650 ## - SUBJECT ADDED ENTRY--TOPICAL TERM
Topical Term eBay (Firm)
Topical Term Internet auctions
991 ## -
-- 342031
Holdings
Withdrawn status Lost status Damaged status Not for loan Home library Current library Date acquired Full call number Accession Number Price effective from Koha item type
        Anna Centenary Library Anna Centenary Library 09.10.2020 381.1702854678 COH 361820 09.10.2020 English Books

Find us on the map